000 01156pam a2200361 a 4500
001 7058
003 FISKH
005 20250619142516.0
008 980429s1998 flua j b 001 0 eng
010 _a 98022380
020 _a1571032584
040 _aDLC
_cDLC
_dDLC
_beng
050 _aRC114 .H865
082 _a616.0194
100 1 _aHundley, David H.,
_d1946-
245 1 0 _aViruses /
_cby David H. Hundley.
260 _aVero Beach :
_bRourke Press,
_c1998.
300 _a32 pages :
_bcolor illustrations ;
_c27 cm
440 0 _aLearning about your health
504 _aIncludes bibliographical references (p. 30) and index.
505 _aR
520 _aIdentifies the nature and transmission of viruses and the diseases they can cause, including chicken pox, flu, and the common cold.
521 8 _a660
_bLexile estimate
521 8 _aR
_bRaz-Plus
650 0 _aVirus diseases
_xJuvenile literature.
650 0 _aViruses
_xJuvenile literature.
650 1 _aViruses.
650 1 _aVirus diseases.
650 1 _aDiseases.
906 _a7
_bcbc
_corignew
_d1
_eocip
_f19
_gy-gencatlg
942 _2ddc
_cBK
_n0
999 _c7058
_d7058